Statistics for The Phantom menace (trivia pt 1)

Click here to take the quiz!

General Stats

  • This quiz has been taken 18 times
  • The average score is 9 of 20

Answer Stats

HintAnswer% Correct
Which planet is blocked by the
trade federation?
naboo
100%
Who is Obi Wan Kenobi's master?qui gon jinn
100%
Where do our heroes land to fix
the hyperdrive?
tatooine
94%
Tattooed sith warriordarth maul
75%
What is Anakin's hobby? making...droids
75%
What army will distract the droids?gungan
69%
Who is the trade federation leader in
this movie?
nute gunray
63%
Padawan who will be made jedi next movieobi wan kenobi
63%
female jedi that is the same species as Yodayaddle
63%
Who is Anakin Skywalker's mother?shmi skywalker
56%
What makes Maul's saber special?double bladed
38%
What class is the queen's ship?
( starts with N )
nubian
38%
Which chancellor gets voted out?valorum
38%
Long necked jedi master on the council.yarael poof
19%
snake-like jedi on the counciloppo rancisis
13%
Wise, female human jedi at the end
of the movie.
depa billaba
6%
Small jedi with big ears at the end of the movie.even piell
6%
What is aquired on Naboo at the end of the movie?peace
6%
What's a Bongo?a form of transport
0%
Why can't Anakin be trained?he is too old
0%

Score Distribution

Percentile by Number Answered

Percent of People with Each Score

Your Score History

You have not taken this quiz